Electrical Contractors Association (Record no. 120552)
[ view plain ]
| 000 -LEADER | |
|---|---|
| fixed length control field | 00777cam a2200181 4500 |
| 001 - CONTROL NUMBER | |
| control field | ##L136110 |
| 008 - FIXED-LENGTH DATA ELEMENTS--GENERAL INFORMATION | |
| fixed length control field | 070110n 000 0 eng u |
| 035 ## - SYSTEM CONTROL NUMBER | |
| System control number | (Sirsi) u136110 |
| 041 0# - LANGUAGE CODE | |
| Language code of text/sound track or separate title | eng |
| 110 2# - MAIN ENTRY--CORPORATE NAME | |
| Corporate name or jurisdiction name as entry element | Electrical Contractors Association |
| 245 00 - TITLE STATEMENT | |
| Title | Electrical Contractors Association |
| 520 ## - SUMMARY, ETC. | |
| Summary, etc. | Website for this trade association representing the electrical installation and building services industries. Includes news and views, ECA key issues and website links. Also provides a facility to search for an ECA registered electrical contractor. |
| 590 ## - LOCAL NOTE (RLIN) | |
| Local note | KA |
| 651 #4 - SUBJECT ADDED ENTRY--GEOGRAPHIC NAME | |
| Geographic name | United Kingdom |
| Chronological subdivision | |
| 690 ## - LOCAL SUBJECT ADDED ENTRY--TOPICAL TERM (OCLC, RLIN) | |
| Topical term or geographic name as entry element | BUILT ENVIRONMENT-ENGINEERING-ELECTRICAL ENGINEERING |
| 856 40 - ELECTRONIC LOCATION AND ACCESS | |
| Uniform Resource Identifier | <a href="https://www.eca.co.uk">https://www.eca.co.uk</a> |
| Public note | View the website free of charge at www.eca.co.uk... |
| 942 ## - ADDED ENTRY ELEMENTS (KOHA) | |
| Suppress in OPAC | 0 |
| Withdrawn status | Lost status | Source of classification or shelving scheme | Damaged status | Not for loan | Home library | Current library | Shelving location | Date acquired | Total Checkouts | Full call number | Barcode | Date last seen | Copy number | Price effective from | Koha item type |
|---|---|---|---|---|---|---|---|---|---|---|---|---|---|---|---|
| Dewey Decimal Classification | Virtual | Virtual | Online | 10/01/2007 | WEB SITE | 136110-2001 | 06/08/2019 | 1 | 06/08/2019 | Online material |